000 00286nam a22001337a 4500
008 181017b xxu||||| |||| 00| 0 eng d
020 _a9780582301634
041 _aeng
080 _a574
100 _a9
101 _aMJE
245 _aAgricultural Ecology
_cJoy.T
942 _2udc
_cBK
999 _c50073
_d50073